000 00284nam a22001097a 4500
020 _a9780521722155
082 _a650.142 DOW
245 _aCambridge English for job-hunting
_cDownes, Colm
260 _aNew York
_bCambridge University Press
_c2008
590 _a.....
942 _2ddc
_cBK
999 _c616995
_d616995